[Event "SLO-ch U18"]
[Site "Slovenia"]
[Date "1994.??.??"]
[Round "?"]
[White "Spilak, Tomislav"]
[Black "Gasperlin, M."]
[Result "1/2-1/2"]
[WhiteElo "1755"]
[BlackElo "1615"]
[PlyCount "110"]
[EventDate "1994.??.??"]
[EventType "swiss"]
[EventRounds "9"]
[EventCountry "SLO"]
[SourceTitle "EXT 1998"]
[Source "ChessBase"]
[SourceDate "1997.11.17"]
[SourceVersion "1"]
[SourceVersionDate "1997.11.17"]
[SourceQuality "1"]

1. e4 e6 2. d4 d5 3. e5 c5 4. c3 Qb6 5. Nf3 Nc6 6. Bd3 Bd7 7. 0-0 c4 8. Be2 Rc8 9. Ne1 Nge7 10. f4 Kd8 11. Na3 Qa6 12. b4 b5 13. Nac2 Qa4 14. Qd2 Kc7 15. Bd1 Qa6 16. Ne3 Qb7 17. a4 a6 18. Nf3 h6 19. Bc2 g6 20. Ng4 Ng8 21. Nf6 Be7 22. Nxd7 Kxd7 23. Bb2 Rf8 24. Qf2 Bd8 25. Ra2 Nge7 26. Rfa1 Nf5 27. g4 Nfe7 28. axb5 axb5 29. Kf1 h5 30. g5 Bb6 31. Nh4 Kc7 32. Qe1 Rhg8 33. Qb1 Kd7 34. Ng2 Ra8 35. Rxa8 Rxa8 36. Rxa8 Qxa8 37. Nh4 Qg8 38. Qa1 Qb8 39. Qa6 Bc7 40. Bb1 Qb6 41. Qa8 Bb8 42. Qa2 Qa7 43. Ba3 Bc7 44. Qb2 Bb6 45. Nf3 Kc7 46. Kg2 Kb7 47. Kh3 Qa8 48. Kh4 Qa4 49. Bc2 Qa8 50. Bd1 Qh8 51. Kh3 Nf5 52. Bc2 Nce7 53. Nh4 Ne3 54. Qb1 Nxc2 55. Qxc2 Qa8 1/2-1/2